00989nam a2200277 i 4500001000700000003000900007005001700016007000300033008004100036020001800077080002200095080002900117080001400146100002700160245007100187260004400258300002200302490005300324600002700377600004600404650002600450830006100476852003300537999001900570952012200589147016ES-MaACL20250927164029.0t|070920s1985 sp ||||1| spa d a84-7335-069-3 a23 Luther, Martin a929 Savonarola, Girolamo a27"14/15"1 aTuriel, Pedro.911170510aLutero-Savonarola b: tempestad sobre la iglesia / cPedro Turiel. aMadrid : bVassallo de Mumbert, c1985. a435 p. ; c24 cm.1 aColección de biografías, nacer, hacer, morir14aLuther, Martin.97487204aSavonarola, Girolamo, d1452-1498910408517aReforma2embne9167170 aColección de biografías, nacer, hacer, morir9220899 aES-MaACLjL-11620 bR.113429 c147016d147016 00104070aATENEOMbATENEOMcDEPO2d2008-01-17eSCl0oL-11620p1153429r2023-02-23 00:00:00w2023-02-23yMONOGRAFIA